One Piece-Tous les Zoan mythiques - Statistiques

Statistiques générales
  • Ce quiz a été pris 52 fois
    13 depuis la dernière actualisation
  • Le résultat moyen est 5 sur 11
Statistiques - réponses
Fruit Zoan Mythique % Correct
Fruit du Canidé version Loup divin
88%
Fruit de l'Humain version Bouddha
75%
Fruit de l'Humain version Nika
75%
Fruit du Poisson version Dragon Azur
63%
Fruit du Volatile Version Phénix
63%
Fruit du Canidé version Renard à 9 queues
50%
Fruit de l'Humain version Onyudo
38%
Fruit du Cheval version Pégase
38%
Fruit du Reptile version Dragon à 8 têtes
25%
Fruit du Cerbère
13%
Fruit du Dinosaure version Kirin
13%
Aucun quiz correspondant
Distribution des résultats
% des personnes avec chaque résultat
Percentile par nombre de réponses
Votre historique - résultats
Vous n’avez pas pris ce quiz depuis la dernière actualisation